Pérolas a porcos (Registo nº 1799)

Detalhes MARC
000 -Etiqueta do registo
Cabeçalho 00893nam a22003131 4500
005 - Identificador da versão
Campo de controlo 20240813121916.0
010 ## - Número internacional normalizado dos livros (ISBN)
Número (ISBN) 9725302435
021 ## - Número do Depósito Legal
Código do país PT
Número 213796/04
100 ## - Dados gerais de processamento
Dados gerais de processamento 20070509d2004 am y0pory5003 ba
102 ## - Pais de publicação ou produção
País de publicação Portugal
101 1# - Língua de publicação
Língua do texto, banda sonora, etc. Português
Língua do documento no original Inglês
106 ## - Campo de dados codificados: material textual
Dados codificados do material textual r
105 ## - Campo de dados codificados: livros
Dados codificados dos livros a t 000dy
215 ## - Descrição física 
Indicação específica da natureza do documento e extensão da espécie 125 p.
Outras indicações físicas il.
Dimensões 22 cm
200 1# - Titulo e menção de responsabilidade
Título próprio Pérolas a porcos
Informação de outro título nem tanto nem tão porco
Primeira menção de responsabilidade Stephan Pastis
Outras menções de responsabilidade trad. Jorge Lima
225 2# - Colecção 
Título próprio da colecção Pérolas a porcos
Indicação de volume 2
205 ## - Menção da edição
Menção da edição 1ª ed.
210 ## - Publicação, Distribuição, etc. 
Lugar da edição, distribuição, etc. Lisboa
Nome do editor, distribuidor, etc. Bizâncio
Data da publicação, distribuição, etc. 2004
304 ## - Notas relativas a título e menção de responsabilidade 
Texto da nota Tít. orig.: This little piggy stayed home
606 ## - Nome comum usado como assunto
Número de registo de entrada de autoridade 0000255
Palavra de ordem Literatura estrangeira juvenil
Subdivisão de assunto Banda desenhada
675 ## - Classificação Decimal Universal (CDU)
Notação 82-9
Edição
Língua da edição por
702 #1 - Nome de autor-pessoa física (responsabilidade secundária)
Número de registo de entrada de autoridade 0000315
Palavra de ordem Lima
Outra parte do nome não tomada para palavra de ordem Jorge
Código de função Tradutor
700 #1 - Nome de autor-pessoa física (responsabilidade principal)
Número de registo de entrada de autoridade 0000314
Palavra de ordem Pastis
Outra parte do nome não tomada para palavra de ordem Stephan
942 ## - Elementos de entrada adicionados (Koha)
Tipo de item no Koha Livro
Exemplares
Situação do levantamento Origin of item (home branch) (coded) Biblioteca de empréstimo Código de barras Cota Circulation type (not for loan) Tipo de documento Nota do exemplar Damaged status
  Biblioteca Escolar da Coca Maravilhas Biblioteca Escolar da Coca Maravilhas BECM7827/07 8BD PAS   Livro Sem mensagem